| 000 | 00702nam a2200205 i 4500 | ||
|---|---|---|---|
| 001 | 15865 | ||
| 003 | ES-MaACL | ||
| 005 | 20260617125143.0 | ||
| 007 | t| | ||
| 008 | 000509s1937 sp ||||1| spa d | ||
| 080 | _a821.133.1-14"19" | ||
| 100 |
_aClaudel, Paul, _d1868-1955 _9239252 |
||
| 245 | 1 | 0 |
_aA los mártires españoles / _cPaul Claudel ; versión española de Jorge Guillén. |
| 260 |
_aSevilla : _bSecretaría de Ediciones de la Falange, _c1937. |
||
| 300 |
_a[16] p. ; _c25 cm. |
||
| 650 | 4 |
_aPersecuciones religiosas- _zEspaña- _y1936-1939- _vPoesías. _9163658 |
|
| 700 | 1 |
_aGuillén, Jorge, _d1893-1984 _960765 |
|
| 852 |
_aES-MaACL _j2034-F-33 _bR.123109 |
||
| 999 |
_c15865 _d15865 |
||